| 000 | 00955nmm a2200289 a 4500 | ||
|---|---|---|---|
| 001 | ocm0002016521 | ||
| 003 | TR-IsHL | ||
| 005 | 20201028180511.0 | ||
| 008 | 181210s2017 tu tur | ||
| 007 | cr cn | ||
| 020 | _a9786052970256 | ||
| 035 |
_a2016521 _b(N$T) |
||
| 050 | 0 | 4 |
_aPR4034 _bP7519 2017 |
| 090 | 0 | 4 |
_aPR4034 _bP7519 2017 |
| 100 | 1 | _aAusten, Jane | |
| 245 | 1 | 0 |
_aAşk ve gurur _h[electronic resource] / _cJane Austen ; Çeviri Erdener Tunalı |
| 260 |
_aİstanbul : _bYakamoz Kitap, _c2017 |
||
| 300 | _a416 p. | ||
| 500 | _aÖzgün adı : Pride and prejudice. | ||
| 650 | 4 | _aDil ve Edebiyat | |
| 650 | 4 | _aLanguage and Literature | |
| 650 | 0 | _aİngiliz romanı | |
| 650 | 0 | _aEnglish fiction | |
| 650 | 7 |
_aLITERARY COLLECTIONS / European / English, Irish, Scottish, Welsh _2bisacsh |
|
| 700 | 1 | _aTunalı, Erdener | |
| 856 | 4 | 0 | _uhttp://search.ebscohost.com/login.aspx?direct=true&scope=site&db=e011xww&AN=2016521 |
| 999 |
_c19167 _d19167 |
||